000
00311nam a2200109Ia 4500
008
171204s9999 xx 000 0 und d
245
_a
International Financial Management:
245
_c
Jeff Madura
260
_c
2014
650
_x
FINANCIAL MANAGEMENT 1-4
856
_u
http://down.ebook777.com/021/IntFinMan.pdf
999
_c
345725
_d
345725